Guess the Flag- Europe Edition - Statistics

General Stats
  • This quiz has been taken 112 times
  • The average score is 13 of 15
Answer Stats
Picture Answer % Correct
Portugal
97%
Switzerland
97%
Greece
96%
Sweden
95%
Spain
93%
United Kingdom
93%
Croatia
87%
Romania
86%
Slovakia
86%
Hungary
85%
Netherlands
85%
Czech Republic
84%
Vatican City
84%
Latvia
83%
Lithuania
78%
No matching quizzes found
Score Distribution
Percent of People with Each Score
Percentile by Number Answered
Your Score History
You have not taken this quiz